Statystyki dla Kraje najbliżej Antigui i Barbudy - 30 sekund sprintu

Kliknij tutaj aby rozwiązać quiz!

Ogólne statystyki

  • Ten quiz został rozwiązany 18 razy
  • Średni wynik to 7 z 20

Statystyki odpowiedzi

kmkraj% Poprawnych
154Dominika
60%
688Dominikana
53%
1414Jamajka
47%
1317Kuba
47%
68Saint Kitts i Nevis
47%
467Barbados
40%
500Grenada
40%
944Haiti
40%
333Saint Lucia
40%
409Saint Vincent
i Grenadyny
40%
696Wenezuela
40%
1230Bahamy
33%
966Gujana
33%
1134Kolumbia
33%
1338Surinam
27%
642Trynidad i Tobago
27%
1318Brazylia
20%
998Aruba
0%
923Curaçao
0%
126Sint Maarten
0%

Rozkład punktacji

Percentyl według liczby udzielonych odpowiedzi

Procent ludzi z każdym wynikiem

Twoja historia wyników

Nie rozwiązałeś tego quizu